| 000 | 00737nam a22002297a 4500 | ||
|---|---|---|---|
| 999 |
_c21266 _d21266 |
||
| 003 | AR-CdUCM | ||
| 008 | 190320b ||||| |||| 00| 0 spa d | ||
| 040 |
_aMUNICIPALIDAD PROVINCIAL DEL CUSCO _cBIBLIOTECA MUNICIPAL DEL CUSCO |
||
| 082 |
_a512/C23Q _bC23Q |
||
| 100 |
_aCallo Gutiérrez, Wilian _944422 |
||
| 245 | _aÁlgebra Q+ / | ||
| 260 |
_aCusco ; _bSan Sebastián, _c2017. |
||
| 300 |
_a320 Páginas. : _c20 cm. |
||
| 440 |
_aColección Leónidas _944423 |
||
| 505 | _aContenido: Teoría de ecuaciones -- Inecuaciones -- Valor absoluto. | ||
| 650 |
_aÁlgebra _944424 |
||
| 650 |
_aTeoría de ecuaciones _944427 |
||
| 650 |
_aInecuaciones _944428 |
||
| 650 |
_aValor absoluto _944429 |
||
| 942 |
_2ddc _cLIBROS |
||
| 945 | _aRoel | ||